000 00545nam a22001817a 4500
003 OSt
005 20260423084930.0
008 250625b |||||||| |||| 00| 0 eng d
020 _a 9781305084766
040 _aDWCL - Main lib
_cOC
082 _aCirc. 620.21 M687 2016
100 _aMoaven, Saeed
245 _aEngineering fundamentals :
_bAn Introduction to engineering./
_cSaeed Moaven
300 _a xii , 814 pages :
_b illustrations ;
_c 25cm.
504 _aIncludes index
650 _a1. Engineering
942 _2ddc
_cBK-CIRC
_kCirc.
_n0
999 _c3259
_d3259